1460 1657 1638 1882 1667 1218 1339 1915 1094 1557 1463 1548 1660 1384 1206 1133 1150 1315 1846 1609 1125 1810 1350 1503 1756 1067 1532 1765 1609 1059 1069 1481 1984 1008 1993 1343 1444 1583 1878 1239 1146 1852 1923 1871 1767 1346 1122 1056 1623 1936 1682 1734 1432 1922 1402 1943 1468 1227 1411 1922 1027 1013 1095 1256 1134 1333 1471 1944 1383 1212 1026 1334 1950 1885 1659 1538 1074 1837 1622 1888 1286 1573 1287 1660 1381 1456 1027 1902 1351 1337 1593 1697 1427 1837 1627 1805 1945 1670 1895 BCNSPRNW ULIB Ver.6.0+V

เปลี่ยนเป็นภาษาไทย

Change to English
 แสดงรายละเอียดบรรณานุกรม
  กลับหน้าหลัก

Brief Record : Get Marc (ISO 2709) : E-mail record : QR code < ปิดหน้าต่าง
LEADER : 00000nam 2200000uu 4500
001    13399112574
003     ULIB
008    110825s2546||||th 000 0 tha d
020    9749162676
050  4 HQ76^bส772ช 2546
100 0  สุพร เกิดสว่าง
245 10 ชายรักชาย /^cสุพร เกิดสว่าง
250    พิมพ์ครั้งที่ 1
260    กรุงเทพฯ :^bสมาคมอนามัยการเจริญพันธุ์เพื่อพัฒนาคุณภาพชีวิตแห่งประเทศไทย,^c2546
300    180 หน้า ;^c21 ซม.
504    บรรณานุกรม
650  4 กะเทย
650  4 ความผิดปกติทางเพศ
650  4 พฤติกรรมทางเพศ
650  4 รักร่วมเพศ
650  4 รักร่วมเพศชาย
710 2  สมาคมอนามัยการเจริญพันธุ์เพื่อพัฒนาคุณภาพชีวิตแห่งประเทศไทย
945    ^p0^l0^i016034
945    ^p0^l0^i016035
945    ^p0^l0^i016036
995    ทศพร
999 ^a ใช้งานได้ทุกระบบ
รายการนี้ยังไม่มีแท็ก
คุณยังไม่ได้ล็อกอิน คุณสามารถมีกิจกรรมร่วมกับเว็บไซต์ได้ แต่ต้องล็อกอินก่อน ::
  ล็อกอิน

รายการสื่อสารสนเทศ

ลำดับที่ ประเภท เลขเรียก/บาร์โค้ด สถานที่ สถานะ
- ไม่พบข้อมูล -

รายการใกล้เคียง
    ผู้แต่ง [สุพร เกิดสว่าง]

    หัวเรื่อง [กะเทย]
    หัวเรื่อง [ความผิดปกติทางเพศ]
    หัวเรื่อง [พฤติกรรมทางเพศ]
    หัวเรื่อง [รักร่วมเพศ]
    หัวเรื่อง [รักร่วมเพศชาย]

BibComment


ยังไม่เคยถูกคอมเมนท์

คอมเมนท์ทรัพยากรรายการนี้
  คอมเมนท์: ชายรักชาย สุพร เ..


 Copyright 2026. Bcnsprnw @Library